00728nam a22002057a 4500003000900000005001700009008004100026040002100067080001200088100012400100245007500224250001700299260004400316300006000360500002600420650002200446650002700468942001200495999001500507KOSZ 00520171127132435.0160404b1983 pl a|||| f||| 00| 0 pol  cBPKdKOSZ 005/HR a94(438)1 aPOLAK, Bogusław.d 1979 - 1996.bWyższa Szkoła Inżynierska w Koszalinie - Studium Nauk Społeczno - Politycznych.10aArmia "Poznań" w wojnie obronnej 1939cPiotr Bauer, Bogusław Polak. aWyd. 2 popr. aPoznań :bWydaw. Poznańskie,c1983. a527, [1] s., [74] s. tabl. :bfot., mapy, portr., rys. aDane z kartoteki bpp. 0aArmia "Poznań". 0aKampania wrześniowa. cKS2UKD c7658d7658